00290nam a22001097a 4500008004100000020001500041082001600056100002100072245006100093260001700154300000900171230621b xxu||||| |||| 00| 0 eng d a0102143986 a328.42bHOC cHouse of Commons astanding orders of the House of CommonsbPublic Business alondonc1998 a148p